MCU Characters - Statistics

General Stats
  • This quiz has been taken 55 times
    30 since last reset
  • The average score is 87 of 122
Answer Stats
Hint (Hint) Character Name % Correct
Hero - Lord of Thunder Thor
100%
Hero - King Black Panther (Prince T'Challa)
95%
Hero - Double Agent Black Widow (Natasha Romanov)
95%
Hero -Super Soldier Captain America (Steve Rogers)
95%
Hero - Bow Marksman Hawkeye (Clint Barton)
95%
Supporting Character - Bifrost Gate Keeper Heimdall
95%
Hero - Angry Genious Hulk (Bruce Banner
95%
Hero - Billionaire Playboy Philanthrapist Iron Man (Tony Stark)
95%
Hero - Lord of Mischief Loki
95%
Hero - Twins Scarlett Witch (Wanda Maximoff)
95%
Hero - Brought from alternate universe Spiderman (Andrew)
95%
Hero - Your Friendly Neighborhood _____ Spiderman (Peter Parker) (Tom)
95%
Hero - Brought from alternate universe Spiderman (Toby)
95%
Hero - "Got any orange slices" Ant Man (Scott Lang)
89%
Hero - Former Red Room operative Black Widow (Yelena)
89%
Villan - Brought from alternate universe Doc Oc (Dr. Otto Octavius)
89%
Hero - Bleaker Street Magician Dr Strange (Stephen Strange)
89%
Hero - Sister #1 Gamora
89%
Hero - Tree Groot
89%
Hero - Genius Inventor Hank Pym
89%
Hero - Looks up to the Arrow Marksman Hawkeye (Kate Bishop)
89%
Supporting Character - Aunt _____ May
89%
Hero - Sister #2 Nebula
89%
Hero - Leader of Shield Nick Fury
89%
Hero - Leader of Wakanda Security Okoye
89%
Hero - wife of above Pepper Potts (Rescue)
89%
Hero - Twins Quick Silver (Pietro Maximoff)
89%
Villan - Hydra Leader Red Skull
89%
Hero - Trash Panda Rocket
89%
Villan - Purple Tyrant Thanos
89%
Hero - Android Vision
89%
Hero - Paralyzed War Machine (James "Rhodey" Rhodes)
89%
Hero - Love interest and partner of above Wasp (Hope Van Dyne)
89%
Villan - Dark Witch Agatha Harkness
84%
Hero - Cosmic Avenger Captain Marvel (Carrol Danvers)
84%
Hero - Lawyer/ Blind Superhero Daredevil (Matt Murdock)
84%
Hero - "Smartest" GOTG Drax
84%
Hero - Flying Suit Falcon (Sam Smith)
84%
Villan - Norse God of Death Hela
84%
Supporting Character - Lost in the Quantum Realm) Janet Van Dyne
84%
Hero - New Cap John Walker
84%
Hero - Bug Mantis
84%
Supporting Character - High Schooler MJ
84%
Supporting Character - Man in the Chair Ned
84%
Hero - Half Celestial Half Human Star Lord (Peter Quill)
84%
Villan - Android Ultron
84%
Hero - Sorcerer Wong
84%
Supporting Character - High Schooler Flash
79%
Villan - Brought from alternate universe Green Goblin (Norman Osbourne)
79%
Villan - Cousin of Royalty Killmonger
79%
Villan - Illusionist Mysterio
79%
Villan - Brought from alternate universe Sandman (Flint Marko)
79%
Hero - Genius Inventor Shuri
79%
Hero- Fantastic 4 Thing (Ben Grimm)
79%
Villan - Alien Tech Thief Vulture
79%
Villan - Russian Inventor Whiplash
79%
Supporting Character - Son of the witch (twins) Wiccan
79%
Hero - Super Soldier Winter Solider (Bucky Barnes)
79%
Villan - Gamma Experiment Abomination
74%
Supporting Character - 1st Sorcerer Supreme Ancient One
74%
Villan - Brought from alternate universe Electro (Max Dillon)
74%
Supporting Character - Animal (Cameo) Howard Duck
74%
Hero- Fantastic 4 Human Torch (Johnny Storm)
74%
Hero - Eternal Ikaris
74%
Hero- Fantastic 4 Invisible Woman (Sue Storm)
74%
Villan - Brought from alternate universe Lizard (Dr. Curt Connors)
74%
Hero- Fantastic 4 Mr. Fantastic (Reed Richards)
74%
Villan - Rich Man (CEO) Obadiah Stane
74%
Hero - Cousin of the Angry Genius She Hulk (Jennifer Walters)
74%
Hero - Vampire Hunter Blade (Eric Brooks)
68%
Villan - Celestial Ego
68%
Supporting Character - Driver/ Head of Security Happy Hogan
68%
Supporting Character - Father of the Billionaire Howard Stark
68%
Hero - Wakanda Warrior Mbaku
68%
Villan - Kree Mercenary Ronan
68%
Hero - Eternal Sprite
68%
Villan - Ragnorok Surtur
68%
Supporting Character - King of Wakanda TChaka
68%
Villan - US General Thaddeus Ross
68%
Hero - Eternal Thena
68%
Villan - Vibranium Thief Ulysses Klaue
68%
Hero - Agent of Shield Agent Colson
63%
Hero - Eternal Ajak
63%
Hero - 3rd Wall Breaking Mutant Deadpool (Wade Wilson)
63%
Hero - Eternal Druig
63%
Hero - Eternal Gilgamesh
63%
Villan - Government weapons contractor Justin Hammer
63%
Hero - Eternal Kingo
63%
Hero - Eternal Makkari
63%
Hero - Multiple Personality Disorder Moon Knight (Marc Spectar)
63%
Hero - The Kings love interest Nakia
63%
Hero - Eternal Sersi
63%
Hero - Marshall Arts Expert Shang-Chi
63%
Supporting Character - Son of the witch (twins) Speed
63%
Villan - Terrorist The Mandarin
63%
Hero - Warrior of Asgard Valkyrie
63%
Villan - Hydra Agent Brock Rumlow
58%
Supporting Character - FBI Agent Jimmy Woo
58%
Supporting Character - Amazing Story teller/ Friend Luis
58%
Villan - Brought from alternate universe Venom (Eddie Brock)
58%
Villan - Inventor and Stark wannabe Aldrich Killian
53%
Villan - Supernatural Being Dormammu
53%
Villan - Mercenary looking for Norse Gods Gorr the God Butcher
53%
Villan - Multiverse expert Kang the Conqueror
47%
Supporting Character - Alien Korg
47%
Hero - Russian Super Solider Red Gaurdian
47%
Supporting Character - Smuggler and kidnapper Yondu
47%
Supporting Character - Golden Celestial Adam Warlock
42%
Hero - New Caps sidekick Lemar Hoskins
42%
Hero - Eternal Starfox (Eros)
42%
Villan - Mind Controlled Red Room operative Taskmaster
42%
Villan - Government weapons contractor Yellow Jacket
42%
Villan - Experiment gone wrong Ghost
37%
Hero - Inventor who looks up to the Billionaire Ironheart (Riri WIlliams)
37%
Reporter/ Dailey Bugle J. Jonah Jamison
37%
Hero - Shape Shifter Ms. Marvel (Kamala Khan)
37%
Villan - Thug Shocker
37%
Supporting Character - 1st Shield Agent Agent Carter
32%
Villan - Terrorist Zemo
32%
Villan - Fantastic 4 Antagonist Dr. Doom (Victor Von Doom)
21%
Supporting Character - Military Member Monica Rambeau
21%
Supporting Character - Alien Meek
11%
No matching quizzes found
Score Distribution
Percent of People with Each Score
Percentile by Number Answered
Your Score History
You have not taken this quiz since the last reset